|
|
|
|
| LEADER |
00881nam a2200181 a 4500 |
| 001 |
GR-MES2596 |
| 008 |
991111s1987 gr 000 0 gre d |
| 040 |
|
|
|a GrPaTEI
|b gre
|c GR-PaULI
|
| 245 |
0 |
0 |
|a Τουριστική κοινωνιολογια :
|b Βασικές έννοιες της κοινωνιολογίας του τουρισμού.
|
| 260 |
|
|
|a Αθήνα :
|b Interbooks,
|c 1987
|
| 300 |
|
|
|a 174σελ.
|
| 500 |
|
|
|a περιέχει βιβλιογραφικές αναφορές
|
| 650 |
|
4 |
|a ΤΟΥΡΙΣΤΙΚΗ ΚΟΙΝΩΝΙΟΛΟΓΙΑ
|
| 700 |
1 |
|
|a Λύτρας, Περικλής Ν.,
|d 1953-
|
| 942 |
|
|
|2 ddc
|
| 952 |
|
|
|0 0
|1 0
|2 ddc
|4 0
|6 301_000000000000000_ΛΥΤ
|7 0
|9 267004
|a MSLG
|b MSLG
|c BSC
|d 2021-01-17
|e 24
|f 0
|g 0.00
|l 0
|o 301 ΛΥΤ
|p 2420000010869
|r 2021-01-17 00:00:00
|t 1
|w 2021-01-17
|y BK15
|x 19991111 0 1
|x GrPaTEI
|
| 971 |
|
|
|a .b25736413
|b 16-04-20
|c 13-09-16
|
| 999 |
|
|
|c 153678
|d 153678
|